000 00632nam a2200241Ia 4500
003 OSt
005 20220924113134.0
006 a|||||r|||| 00| 0
007 ta
008 220923b |||||||| |||| 00| 0 eng d
024 _a94002
037 _cDictionary
040 _aARTS
_cARTS
_beng
041 _2eng
_aeng
082 _aU:(P:4)k, 152L7
100 _aAchha S L
_9169548
245 0 _aConcept dictionary of Geography
260 _aDelhi
_bConcept
_c1977
300 _aviii, 230p.
_ccm.
650 _aGEOGRAPHY
942 _hU:(P:4)k, 152L7
_cdic
_2cc
999 _c389348
_d389348